Diagnosi estratègica del territori : Ajuntament de Sabadell, Servei de Promoció Econòmica Local : març de 2004 / realitzat per: Territoris i Organitzacions Ajuntament de Sabadell, Servei de Promoció Econòmica Local :
MARC
| LEADER | 00000nam a2200000Ia 4500 | ||
|---|---|---|---|
| 001 | 20836 | ||
| 008 | 160829s2004 xx 000 0 cat d | ||
| 080 | |a M-6-96 | ||
| 100 | |a Territoris i Organitzacions |9 41127 | ||
| 245 | |a Diagnosi estratègica del territori : |b Ajuntament de Sabadell, Servei de Promoció Econòmica Local : |b març de 2004 / realitzat per: |b Territoris i Organitzacions | ||
| 260 | |a Barcelona : |b Diputació de Barcelona. Àrea de Promoció Econòmica i Ocupació, |c 2004 | ||
| 300 | |a 80 p. ; |c gràf., quadres ; |c 30 cm | ||
| 490 | |a Diagnosis estratègiques territorials. Document d'estratègies pel territori de Sabadell | ||
| 590 | |a A la coberta: Ajuntament de Sabadell | ||
| 650 | 0 | |a Desenvolupament econòmic |9 55551 |x Aspectes socials |z Vallès Occidental (Catalunya) | |
| 650 | 0 | |a Ordenació del territori |z Vallès Occidental (Catalunya) |9 42356 | |
| 650 | |a Sabadell |x Aspectes econòmics I |9 41129 | ||
| 650 | |a Sabadell |x Aspectes socials |9 41130 | ||
| 700 | |a Sabadell. Servei de Promoció Econòmica Local |9 41131 | ||
| 710 | 1 | |a Sabadell (Catalunya). |b Ajuntament |9 51464 | |
| 710 | 1 | |a Barcelona (Catalunya : Província). |b Àrea de Promoció Econòmica i Ocupació |9 17540 | |
| 901 | |a Arxiu | ||
| 942 | |n 1 |2 udc | ||
| 952 | |0 0 |1 0 |4 0 |6 M696 |7 1 |9 50060 |a Arxiu |b Arxiu |d 2016-12-01 |l 0 |o M-6-96 |p 20836 |r 2016-12-01 00:00:00 |w 2016-12-01 |y ARXIU | ||
| 999 | |c 53902 |d 53902 | ||